[Event "Ankara FIDE GP (Women)"]
[Site "Ankara"]
[Date "2012.09.17"]
[Round "2"]
[White "Cmilyte, Viktorija"]
[Black "Yildiz Kadioglu, Betul Cemre"]
[Result "0-1"]
[WhiteElo "2520"]
[BlackElo "2341"]
[Annotator "Mikhalchishin,A"]
[PlyCount "77"]
[EventDate "2012.09.16"]
[EventType "tourn"]
[EventRounds "11"]
[EventCountry "TUR"]
[EventCategory "10"]
[SourceTitle "CBM 151"]
[Source "ChessBase"]
[SourceDate "2012.11.13"]
[SourceVersion "1"]
[SourceVersionDate "2012.11.13"]
[SourceQuality "1"]

1. c4 e5 2. g3 Nf6 3. Bg2 d5 4. cxd5 Nxd5 5. Nc3 Nb6 6. e3 Be7 7. Nge2 O-O 8.
O-O c6 9. b3 ({It is possible to attack the centre immediately with} 9. f4 N8d7
(9... exf4 10. Nxf4 N8d7 11. d4 Nf6 12. e4 Bg4 13. Qd3 Nh5 14. h3 Nxf4 15. gxf4
Be6 16. d5 f5 17. Qd2 cxd5 18. exd5 Bf7 19. b3 Nc8 20. Qd3 Nd6 21. Ba3 Qa5 22.
Nb5 Be8 23. Nxd6 Bxd6 24. Bxd6 Qb6+ 25. Rf2 Qxd6 26. Qd4 {1/2 Galliamova,A 
(2465)-Kosintseva,T (2530)/Moscow RUS 2012; and the central pawn is still
dangerous.}) 10. b3 a5 11. fxe5 Nxe5 12. d4 Ng6 13. e4 Bg5 (13... c5 {It may
look wrong losing a tempo like this, but with the e-pawn on e4 White's
light-squared bishop is restricted and so 13...c5 makes sense.} 14. Be3 cxd4 $6
{an inaccuracy} (14... Bg4 $1) 15. Qxd4 Qxd4 16. Bxd4 Nd7 {[%csl Re5][%cal
Ge7c5] Obviously Black's idea is to trade the dark-squared bishops, getting
the e5-square for his knights.} 17. Nd5 Bc5 18. Rac1 b6 19. Bxc5 bxc5 20. Rfd1
{Zvjagintsev correctly considered this move to be an inaccuracy as it allows
me to trade the weak a-pawn.} ({After} 20. Nec3 $1 $14 {Black is under
pressure.}) 20... a4 $1 21. Nef4 $1 {[%csl Rd7][%cal Gf4g6,Gd5e7] Zvjaginsev,V
(2663)-Mikhalevski,V (2584)/Aix-les-Bains 2011(Mikhalevski)}) 14. Ba3 {Other
moves don't promise an advantage either} (14. Nf4 Bxf4 (14... Re8 $5) 15. gxf4
f5 $1 16. Ba3 Re8 17. d5 ({In the event of} 17. e5 Be6 {White's central pawns
are blocked}) 17... Nh4 18. Bh1 fxe4 19. dxc6 bxc6 20. Qxd8 Rxd8 21. Bxe4 Bf5
22. Bh1 Rd3 23. Rac1 a4 {and Black should be able to retain equality.}) (14.
Rf2 Bxc1 15. Rxc1 Qe7 {and although I prefer White, Black's position should be
defendable.} (15... Bg4 16. h3 Bxe2 17. Nxe2 Re8 18. h4 $14 {is in White's
favour.})) 14... Be7 15. Bb2 a4 16. bxa4 Bg4 17. Bf3 Bxf3 18. Rxf3 c5 19. Ba3
Nc4 20. Bxc5 Bxc5 21. dxc5 Nd2 22. Rf2 Ne5 23. Nf4 Qd4 24. Nfd5 Qxc5 {1/2
Turov,M (2636)-Smirin,I (2632)/Trieste ITA 2012}) 9... f5 ({It was slightly
better to develop faster:} 9... Bg4 10. h3 Bh5 11. d4 exd4 12. exd4 Na6 13. Qd2
f5 14. Nf4 Bf7 {with a very solid position.}) 10. d4 e4 ({A bit artificial was
} 10... N8d7 11. e4 ({nothing promised} 11. d5 Qc7 12. dxc6 bxc6 13. Qc2 e4)
11... fxe4 12. Nxe4 exd4 13. Nxd4 Nc5 14. Nxc5 Bxc5 15. Be3 {and White has
better development with some tactical threats.}) 11. Bb2 Na6 12. g4 $6 {
Typical Cmilyte hyper-aggressive attitude.} ({It was correct to destroy the
centre in a different way by} 12. f3) 12... fxg4 13. Nxe4 Nd5 ({Practically
the same was} 13... Nc7) 14. N2g3 ({It was very tempting was to try the
transfer of the knight to e5:} 14. Nc1) 14... Qe8 $5 ({Black retained very
good chances after} 14... Be6 15. Nd2 Nac7 16. Nc4 a5) 15. Nc5 $2 ({Once more
it was better to transfer the knight to e5:} 15. Nd2 Be6 16. Nc4) 15... Nac7 $6
(15... Nxc5 {was possible:} 16. dxc5 Be6 17. Qc2 Rd8 18. Be4 g6) 16. Qc2 ({
For some reason Cmilyte underestimated the value of the knight on e5:} 16. Nd3)
16... Ne6 17. Nxe6 ({The last chance was here} 17. Nd3) 17... Bxe6 18. Be4 h5
$1 {Defending and attacking - threatening h5-h4.} 19. Ne2 Bd6 ({It was also
very good to try to create weaknesses on the other side with} 19... a5) 20. Kh1
Rf6 {An interesting idea, to increase the pressure on the f-file.} ({Another
option was} 20... h4 21. Rae1 Qh5) 21. Nc3 Nxc3 22. Bxc3 Bd5 $1 {Now it is
clear that Black has obtained a huge advantage.} 23. f3 $2 ({Just prolonged
suffering} 23. Bg2 h4 $19) 23... Rxf3 $1 24. Bxf3 Bxf3+ ({Even} 24... gxf3 {
was possible:} 25. Qf2 Qxe3 $1) 25. Rxf3 gxf3 26. e4 Qf7 27. Qf2 (27. Rf1 {
was completely useless:} Rf8 28. Be1 g5 29. Kg1 g4 $19) 27... Rf8 28. Rg1 Qf4
29. e5 Be7 30. Be1 Qe4 31. Bd2 Bh4 32. Qe3 Qd5 {This demands good calculation
as the black king has to avoid perpetual check (after 33.Rxg7+).} ({Going into
an endgame was simply delaying the well deserved win:} 32... Qxe3 33. Bxe3 f2
34. Rf1 Rf3 35. Bc1 Rd3 36. Bf4 Kf7 $19) 33. Rxg7+ Kxg7 34. Qh6+ Kf7 35. Qxh5+
Ke6 $1 36. Qg4+ Rf5 37. Qg6+ Ke7 38. Qh7+ Ke8 39. Qh5+ 0-1

[Event "EU-ch 12th"]
[Site "Aix les Bains"]
[Date "2011.03.27"]
[Round "6"]
[White "Zvjaginsev, Vadim"]
[Black "Mikhalevski, Victor"]
[Result "1-0"]
[WhiteElo "2663"]
[BlackElo "2584"]
[Annotator "Mikhalevski,V"]
[PlyCount "77"]
[EventDate "2011.03.22"]
[EventType "swiss"]
[EventRounds "11"]
[EventCountry "FRA"]
[SourceTitle "CBM 142 Extra"]
[Source "ChessBase"]
[SourceDate "2011.06.27"]
[SourceVersion "1"]
[SourceVersionDate "2011.06.27"]
[SourceQuality "1"]

1. c4 Nf6 2. Nc3 d5 3. cxd5 Nxd5 4. g3 e5 {Black transposes to 1.c4 e5.} 5. Bg2
Nb6 6. e3 $5 {[%cal Gg1e2,Gf2f4,Gd2d4] A very uncommon and interesting idea,
which I was unaware of. In fact, it has never been tested on the GM level.
White is going to play Ne2 and then depending on the siuation f4 or d4.} Nc6 7.
Nge2 {Here I spent quite a lot of time looking for a good way to meet White's
idea, but found nothing better than the simple 7...Be7.} Be7 (7... Bf5 $5 {
[%csl Rd3] trying to exploit weak light squares was one of the options I
considered, but it doesn't equalise though it may seem to.} 8. d4 $1 (8. a3 Bd3
{is fine for Black.}) 8... Nb4 9. O-O ({An interesting repeatition of moves
may occur after} 9. e4 exd4 10. exf5 dxc3 11. O-O Qxd1 12. Rxd1 Nc2 13. Rb1 Na3
$1 14. Ra1 Nc2 $11) (9. Ne4 $5 Qe7 10. N2c3 O-O-O 11. O-O Nc6 $13) 9... Bc2 10.
Qe1 Bg6 ({A similar idea is also strong after} 10... Bf5 11. f4 $1 $36) 11. f4
$1 Nc2 $140 12. Qf2 Nxa1 13. Bxb7 $1 {[%cal Gb7c6]} Rb8 14. Bc6+ Nd7 15. f5 Bh5
16. dxe5 $16 {with some very strong initiative for the sacrificed material.})
8. O-O ({The immediate} 8. f4 {also makes sense.}) 8... O-O 9. f4 a5 {My idea
was to take some space on the queenside with a4 and to provoke an exchange on
e5. I was looking for other useful moves, but couldn't find any.} ({In the
event of} 9... f6 $5 {White may try to create an attack on the kingside by
means of} 10. f5 {[%cal Gg2e4,Gg3g4,Ge2g3] and it's difficult for Black to
create counterplay.}) 10. fxe5 Nxe5 11. d4 Ng6 {Maybe not the best square for
the knight, but I didn't want it to be in the way of the other pieces.} (11...
Ng4 $5 {was a reasonable alternative.}) 12. b3 ({An attempt to exploit my last
move} 12. h4 {[%cal Gh4h5] would be annoying as I can't prevent the further
advance of the h-pawn by means of} Bg4 (12... Re8 13. h5 Nf8 14. h6 g6 {
looks playable.}) {in view of} 13. Bxb7) 12... c6 {The most logical as it
restricts White's light-squared bishop.} ({After the immediate} 12... c5 13.
Qc2 $5 $14 {I didn't like White's pressure on my queenside.} (13. Ba3 $5 cxd4
14. Bxe7 Nxe7 15. Qxd4 Qxd4 16. Nxd4 {is just slightly better for White thanks
to pressure along the a8-h1 diagonal.})) 13. e4 c5 {It may look wrong losing a
tempo like this, but with the e-pawn on e4 White's light-squared bishop is
restricted and so 13...c5 makes sense.} (13... Bg5 $5 {was a possible
alternative.} 14. Nf4 (14. Rf2 Bxc1 15. Rxc1 Qe7 {and although I prefer White,
Black's position should be defendable.} (15... Bg4 16. h3 Bxe2 17. Nxe2 Re8 18.
h4 $14 {is in White's favour.})) 14... Bxf4 (14... Re8 $5) 15. gxf4 f5 $1 16.
Ba3 Re8 17. d5 ({In the event of} 17. e5 Be6 {White's central pawns are
blocked.}) 17... Nh4 18. Bh1 fxe4 19. dxc6 bxc6 20. Qxd8 Rxd8 21. Bxe4 Bf5 22.
Bh1 Rd3 23. Rac1 a4 {and Black should be able to retain equality.}) 14. Be3
cxd4 $6 {An inaccuracy.} ({When I played 13...c5 I planned to meet 14.Be3 with
} 14... Bg4 $1 {, but then I "saw" that I just lose a pawn, which is in fact
wrong.} 15. d5 $1 ({The point is that after} 15. dxc5 Nd7 16. Na4 Rc8 17. Rc1 (
{or} 17. h3 Bxe2 18. Qxe2 Nxc5 (18... Bxc5 19. Nxc5 Nxc5 20. Rf5 Qe7 21. Bd4
Rfd8 22. Qe3 Ne6 23. Bb6 Rd6 24. Rxa5 Rc2 $132) 19. Rfd1 Qc7 20. Rac1 b6 21.
Nxc5 Bxc5 22. Bxc5 bxc5 23. Qe3 Rfe8 24. h4 Ne5 25. Rd5 Qb6 $11) {I can still
take the c5-pawn.} 17... Nxc5 $1 {This is the idea I'd missed.} 18. Qxd8 Rfxd8
19. Nxc5 Bxe2 20. Rfe1 b6 21. Na4 b5 22. Rxc8 Rxc8 23. Rxe2 bxa4 24. bxa4 Rc4
$11 (24... Bc5 25. Bxc5 Rxc5 26. Rd2 ({or} 26. Rb2 f6 27. Rb5 $140 Rc1+ 28. Bf1
Ne5 29. Rxa5 Rc2 $44) 26... Kf8 27. Bf1 Ne5 28. Be2 $11 {and White's extra
pawn is not essential.})) 15... Nc8 16. h3 Bxe2 17. Qxe2 Bf6 $1 (17... b6 18.
e5) (17... Ne5 18. Rad1 b6 19. Bf4 $14 Bd6 20. Nb5 Na7 (20... f6 21. h4) 21.
Nxd6 Qxd6 22. h4 Rae8 23. Bh3 Nc8 24. Qh5 g6 25. Qe2) 18. Rac1 b6 19. h4 Nd6 {
with a slightly worse, but tenable position.}) 15. Qxd4 {Somehow I missed this
natural recapture.} ({I was considering only} 15. Bxd4 {, which is less
dangerous.}) 15... Qxd4 (15... Ra6 {doesn't look great, but this way Black
retains control over the d5-square.}) 16. Bxd4 Nd7 {[%csl Re5][%cal Ge7c5]
Obviously Black's idea is to trade the dark-squared bishops, getting the
e5-square for his knights.} 17. Nd5 Bc5 18. Rac1 b6 {Although this move allows
White to inflict damage on Black's pawn structure, it makes sense as this is
the only way to prevent the penetration of the white rook to c7.} 19. Bxc5 bxc5
20. Rfd1 {Zvjagintsev correctly considered this move to be an inaccuracy as it
allows me to trade the weak a-pawn.} ({After} 20. Nec3 $1 $14 {Black is under
pressure.}) 20... a4 $1 21. Nef4 $1 {[%csl Rd7][%cal Gf4g6,Gd5e7] White is
threatening with a win of a piece.} Nde5 $6 {After a long thought I came up
with this imprecise move.} ({After} 21... axb3 {, which I considered to be
impossible,} 22. axb3 ({My main worry was} 22. Nxg6 hxg6 23. Ne7+ Kh7 {White
has to play} 24. axb3 ({I didn't realise that after} 24. Nxc8 Rxa2 $1 25. Rxd7
({or} 25. Nd6 Ne5 $1 $36) 25... Rxc8 {the black pawns are extremely dangerous.
For example,} 26. Rf1 c4 27. Rfxf7 Kh6 $1 28. Rxg7 Rh8 29. e5 Re2 $1 {and only
Black has chances.}) 24... Ne5 25. Rxc5 Bg4 {transposes to the game.}) 22...
Nge5 23. Nd3 $1 (23. Ne7+ Kh8 24. Nxc8 Rfxc8 25. Bh3 Rc7 $1 {with a likely
draw.} ({After} 25... Ra2 26. Rxd7 $1 {is strong, escaping by perpetual check.}
)) 23... f6 (23... Nxd3 24. Rxd3 Ne5 25. Ne7+ Kh8 26. Rd5 f6 27. Rdxc5 Be6 28.
Rb1 Rfb8 29. Nd5 $14 {is slightly better for White, although Black retains
chances of escaping.}) 24. Nxc5 Nxc5 25. Rxc5 Bg4 $44 {[%csl Rg2] with
compensation for a pawn thanks to the bad light-squared bishop on g2.}) (21...
Nge5 $1 {This seems to be the best defence.} 22. Ne7+ ({After} 22. Bh3 axb3 23.
axb3 (23. Ne7+ Kh8 24. Nxc8 bxa2 $1 (24... Rfxc8 {is also possible as after}
25. Bxd7 (25. axb3 Rc7 {transposes to 21...axb3.}) 25... Rxa2 $1 {White can't
avoid the perpetual.} 26. Bxc8 Nf3+ 27. Kf1 Nxh2+ 28. Ke1 Nf3+ 29. Kf1 $11) 25.
Bxd7 Nxd7 26. Ra1 Rfxc8 27. Rxd7 Rcb8 $1 28. Rdd1 g5 29. Nd5 Rb2 $11 {with a
draw as White can't make progress.}) 23... Ra2 $1 24. Ne7+ {[%cal Ge5f3]} (24.
Rc3 {[%cal Gd5e7]} Re8 $11 {[%csl Ge7]}) 24... Kh8 25. Rc3 Ba6 26. Bxd7 Rd8 27.
Bg4 Rxd1+ 28. Bxd1 Ra1 29. Rxc5 Rxd1+ 30. Kf2 Ng4+ 31. Kf3 Nxh2+ {and Black is
fine.}) (22. Nd3 $5 {is probably the best practical chance, but Black should
be able to hold with some accurate play.}) 22... Kh8 23. Nxc8 Rfxc8 24. Bh3
axb3 (24... Ra7 25. b4 c4 26. Rd6 $14) 25. axb3 (25. Bxd7 Rxa2 $1 {[%cal Ge5f3]
This the idea I missed in my calculations.} 26. Bxc8 (26. Kh1 $4 Rb8 $1 $19 (
26... Nf3 $5 27. Ng2 Rb8 $19)) 26... Nf3+ 27. Kf1 Nxh2+) 25... Rc7 26. Bxd7
Rxd7 27. Rxd7 Nxd7 28. Nd3 g6 29. Nxc5 Nxc5 30. Rxc5 Ra2 $11 {and White's
extra pawn is not sufficient for a win.}) 22. Nxg6 {An inaccuracy.} (22. Rxc5
$1 axb3 23. axb3 Bg4 24. Rf1 $14 {was better.}) 22... hxg6 23. Rxc5 {As it
turned out of the game White missed} Bg4 $1 24. Rb1 axb3 25. axb3 ({But not} 
25. Ne7+ Kh7 26. Rxe5 $4 bxa2 27. Ra1 Rfb8 $19) 25... Nf3+ $2 {A serious
mistake in the time-trouble.} ({After the correct} 25... f6 $1 $14 {Black
retains good chances for a draw.}) 26. Bxf3 Bxf3 27. Rf1 $1 {I missed this
strong idea. Suddenly Black's king finds himself in a mating net.} Be2 ({or} 
27... Bg4 28. h3 Be2 29. Rf2 Bd1 30. Ne7+ Kh7 31. Rf4 g5 32. Rxg5 g6 $16 {
with a big advantage for White.}) 28. Ne7+ (28. Rf2 $5 $16 {deserved attention
trying to worsen the position of Black's bishop.}) 28... Kh7 29. Rf4 {[%csl
Rh7][%cal Gf4h4]} Ra1+ $6 (29... Ra6 $3 {[%cal Ga6h6] allowed Black to retain
practical chances for a draw. Surprisingly this rook helps in defence.} 30.
Rh4+ Bh5 31. g4 (31. Re5 $2 {is wrong in view of} Rb8 $1 $40) ({Black's idea
can been after} 31. Rcxh5+ $2 gxh5 32. Rxh5+ Rh6) 31... Re6 $1 {[%csl Re4,Re7]
A double attack on e7 and e4.} 32. Nd5 Rxe4 {[%csl Rh4] Pinning the g-pawn.}
33. Rc4 $1 Re1+ 34. Kf2 Rb1 (34... Rd1 35. Nc3 Rd2+ 36. Ke3 Rb2 37. b4 f5 38.
gxh5 g5 39. Rhd4 Rxh2 40. Rc7 $18 {[%cal Gd4d7] should be enough for a win.})
35. b4 Rd8 36. Rc5 Rd1 (36... Rxd5 37. Rxd5 Rxb4 38. h3 $1 $18 {[%cal Gd5d3,
Gf2g3] wins for White.}) 37. Nf4 $5 ({or} 37. Ne3 $5 R1d2+ 38. Kf3 R8d4 39. Rh3
$1 f6 40. b5 Rb4 41. gxh5 g5 {[%cal Gd2b2] with practical chances for a draw.})
37... f6 $1 38. Ne2 $1 Re8 $1 39. Rh3 $1 Rb1 40. gxh5 g5 41. Rc4 Rb8 $16 {
and White has technical problems to win due to reduced number of pawns.}) (
29... g5 30. Rxg5 g6 $16 {would be also better than the game.}) 30. Kg2 Ra2 ({
Now} 30... Ra6 {doesn't save him.} 31. Rh4+ Bh5 32. g4 Re6 (32... Re8 33. Nd5
$1 (33. Re5 Rd8 34. Rd5 Re8 35. Rd7 Re6 36. Nd5 Rxe4 37. Kg3 Rb8 38. b4 Ra8 39.
Rxf7 Ra3+ 40. Rf3 Rxf3+ 41. Kxf3 Rd4 42. Ne3 Rxb4 $16 {and White's win isn't
yet guaranteed.}) 33... Rxe4 34. Kg3 Re5 35. gxh5 gxh5 36. Rhc4 $1 Rg6+ 37. Kf3
Rgg5 38. h4 $1 Rgf5+ 39. Rf4 $18) 33. Nd5 Rxe4 34. Kg3 Rb8 35. b4 Ra8 36. Rc3
$1 Rd4 (36... Re5 37. Rd3 Rg5 38. Kh3 $18) 37. Ne7 $1 Rxb4 38. gxh5 Rxh4 39.
hxg6+ fxg6 40. Kxh4 $18 {and White should be able to win.}) 31. Rh4+ Bh5+ 32.
Kh3 Kh6 33. g4 f5 {The very last trick.} 34. exf5 $1 (34. gxh5 g5 {White would
have to overcome some small techical problems.} 35. Rxf5 Re8 36. Rg4 Rxe7 37.
Rfxg5 Rb2 $16) 34... Re8 ({or} 34... Rb8 {[%csl Rh3]} 35. Rc3 $1 $18) 35. g5+
$1 {The simplest.} Kxg5 36. fxg6+ Kf6 37. Nd5+ Kxg6 38. Rxh5 $1 (38. Nf4+ {
is also enough for a win.}) 38... Re4 39. Kg3 $1 {An interesting fighting game.
} 1-0

[Event "EU-chT (Men) 12th"]
[Site "Batumi"]
[Date "1999.11.30"]
[Round "2.4"]
[White "Georgiev, Vladimir"]
[Black "Pelletier, Yannick"]
[Result "0-1"]
[WhiteElo "2519"]
[BlackElo "2479"]
[Annotator "Pelletier,Y"]
[PlyCount "88"]
[EventDate "1999.11.06"]
[EventType "team-swiss"]
[EventRounds "9"]
[EventCountry "GEO"]
[SourceTitle "CBM 074"]
[Source "ChessBase"]
[SourceDate "2000.02.01"]
[SourceVersion "1"]
[SourceVersionDate "2000.02.01"]
[SourceQuality "1"]
[WhiteTeam "Bulgaria"]
[BlackTeam "Switzerland"]
[WhiteTeamCountry "BUL"]
[BlackTeamCountry "SUI"]

1. c4 Nf6 2. Nc3 e5 3. g3 Bb4 4. Bg2 O-O 5. e4 Bxc3 6. dxc3 d6 7. Qe2 {[%csl
Rd5,Re3,Rf5][%cal Gf3d2,Gd2f1,Gf1e3,Rg1f3] Der Zweck dieses von V.Korchnoi
erfundenen Zuges ist es, den Ng1 auf f3 zu entwickeln, wonach dieser viel
leichter auf das wichtige Feld e3 gelangen kann.} a6 8. Nf3 b5 9. O-O (9. c5
Bb7 10. cxd6 cxd6 11. Nh4 {geschah in Korchnoi-Kuzmin, Leningrad izt 1973, der
ersten Partie mit 7.Qe2}) 9... bxc4 10. Rd1 (10. Qxc4 a5 11. b4 {verdient
Aufmerksamkeit.}) 10... Nbd7 11. Qxc4 a5 12. Be3 (12. Nh4 {[%csl Gf5] mit
Ausnützung des Feldes f5 entspricht eher dem Geist der Stellung.}) 12... Ba6
13. Qa4 Qb8 14. Rd2 ({Erlaubt den Tausch des Be3 gegen den Nf6, aber auch im
Fall von} 14. Qc2 {hätte Schwarz kaum Problem gehabt.}) 14... Bb5 15. Qc2 Ng4 (
{Auch} 15... Bc6 16. Nh4 Ng4 17. Nf5 Nxe3 18. Nxe3 {hätte Ausgleich ergeben.})
16. Bg5 (16. Re1 Nxe3 17. Rxe3 a4 $11) 16... h6 17. h3 hxg5 18. hxg4 f6 19.
Qb3+ $6 ({Der Bulgare unterschätzte (sowie ich zunächst!) meine Antwort. Der
beste Plan involvierte die Ueberführung des weissen Springers nach e3, von wo
er alle wichtige Punkte kontrollieren würde:} 19. Nh2 a4 20. Nf1 {[%cal Gf1e3]}
Bxf1 (20... Nc5 21. Ne3 Bd7 22. Bf1 g6 23. Bc4+ Kg7 24. Bd5 $11) 21. Bxf1 g6
22. Bc4+ Kg7 23. Bd5 Ra5 $11) 19... Kh7 $5 ({Nach} 19... Rf7 20. Bf1 Bxf1 21.
Qxb8+ Rxb8 22. Kxf1 Nc5 23. Re1 {wäre ein etwa gleiches Endspiel entstanden.})
20. Ne1 Nc5 21. Qd5 $2 {[%csl Rd5]} ({Die Dame steht hier in grösster Gefahr.} 
21. Qd1 {musste geschehen:} a4 (21... Bd7 22. b3) 22. Nc2 Bc6 23. Ne3 Qb7 24.
f3 $11) 21... Bd7 {[%cal Yd7e6,Ya8a6] mit der einfachen Drohung Be6 und Ra6.}
22. Bf1 Be6 23. Qc6 Bd7 24. Qd5 Qb6 $2 ({Viel besser war} 24... Bxg4 25. f3 Be6
26. Rh2+ Kg8 27. Qd2 Qb6 $17 {, denn jetzt bekommt Weiss eine gute
Kompensation.}) 25. Qc4 Bxg4 26. b4 $1 axb4 27. cxb4 Ne6 $6 ({Es war
vernünftiger, die weissen Bauern mittels} 27... Na4 {[%csl Ga2] zu blockieren.}
) 28. Nc2 (28. Be2 Bxe2 29. Qxe6 Bb5 $17) 28... Rae8 29. a4 (29. Kg2 $5 {
[%csl Gf3]} Bh5 $13) 29... Bf3 30. a5 Qb7 ({Ich verzichtete auf den besseren} 
30... Qa7 {wegen} 31. b5 {(mit der Absicht, den Bauern d6 zu minieren). Aber}
Nc5 {war möglich.}) 31. a6 Qa7 32. Bg2 g4 33. Bxf3 gxf3 34. Ra3 Ng5 35. Ne1 d5
$1 {[%csl Rf3] Diese Ressource überraschte meinen Gegner so, dass er die
richtige Antwort nicht fand.} ({Schlechter war} 35... f5 36. exf5 Rxf5 37. Qh4+
$36) 36. exd5 $2 ({Dass} 36. Rxd5 $2 Nh3+ 37. Kh2 Qxf2+ 38. Kxh3 Qxe1 {
verliert, ist klar}) ({Aber} 36. Qxd5 {führte zum Remis:} Rd8 37. Qa2 ({
nur nicht} 37. Qxd8 $2 Rxd8 38. Rxd8 Nh3+ 39. Kh2 Qxf2+ 40. Kxh3 Qxe1 41. Rxf3
Qh1+ 42. Kg4 Kg6 $1 $19) 37... Nxe4 38. Rxd8 Rxd8 39. Qc2 f5 40. Nxf3 Rd2 41.
Nxd2 Qxf2+ 42. Kh1 Qe1+ 43. Nf1 Qxf1+ 44. Kh2 Nf6 45. Qg2 Ng4+ 46. Kh3 Nf2+ 47.
Kh2 $11) 36... e4 37. Qc5 ({Oder} 37. Nc2 Kg6 38. Qd4 Qxd4 39. Nxd4 Rh8 40. Ne6
Rh6 $19) 37... Qxc5 $1 38. bxc5 Kg6 {[%csl Rg1][%cal Rh8h1] Schwarz erzwingt
die Entscheidung auf der h-Linie.} 39. a7 $2 {(=)} (39. d6 cxd6 40. cxd6 Rh8
41. d7 Rd8 42. a7 Nh3+ 43. Kf1 Nf4 44. Kg1 Ne2+ 45. Rxe2 fxe2 $19) 39... Rh8
40. g4 $6 (40. a8=Q Rxa8 41. Rxa8 Rxa8 42. Nc2 Rh8 43. Nd4 {hätte das Matt
verhnidert, aber nach} Rh5 {wäre Schwarz auf Gewinn gestanden.}) 40... Nh3+ 41.
Kf1 {Die Zeitnot ist vorbei, und ich vergass eine Zeitlang meine erste Absicht.
Nach Betrachtung der Alternativen kam ich aber zur richtigen Idee zurück:} Ng5
$1 (41... Rh4 42. Nxf3 exf3 43. Rxf3 Ra8 44. d6 cxd6 45. cxd6 Rhh8 $15) (41...
Nf4 42. Kg1 Ne2+ 43. Rxe2 fxe2 44. Ra2 Ra8 45. Rxe2 Rxa7 (45... Rhd8 46. Ng2)
46. Rxe4 Ra1 $17) 42. Kg1 Ra8 $1 43. d6 (43. Rb2 {verhinderte das Matt, nicht
aber die Niederlage:} Nh3+ 44. Kf1 Nf4 (44... Rh4 $2 45. Rb8 Rxg4 46. Nxf3 exf3
47. Ke1 Re4+ 48. Kd2 $13) 45. Kg1 Rh4 $1 46. Nxf3 (46. Rb8 Ne2+) 46... exf3 47.
Rxf3 Rxg4+ 48. Rg3 Rxg3+ 49. fxg3 Nxd5 $19) 43... Rh4 44. d7 Rah8 0-1